|
|
|
|
| LEADER |
00000nam0a2200000 4500 |
| 001 |
189495 |
| 005 |
20231101224217.0 |
| 010 |
|
|
|a 9785996302000
|
| 035 |
|
|
|a (RuTPU)RU\TPU\book\206021
|
| 090 |
|
|
|a 189495
|
| 100 |
|
|
|a 20101224d2010 m y0rusy50 ca
|
| 101 |
0 |
|
|a rus
|
| 102 |
|
|
|a RU
|
| 105 |
|
|
|a a j 001zy
|
| 200 |
1 |
|
|a Экспресс-анализ экологических проб
|e практическое руководство
|f Ю. С. Другов, А. Г. Муравьев, А. А. Родин
|
| 210 |
|
|
|a Москва
|c БИНОМ. Лаборатория знаний
|d 2010
|
| 215 |
|
|
|a 424 с.
|c ил.
|
| 225 |
1 |
|
|a Методы в химии
|
| 320 |
|
|
|a Библиография в конце глав.
|
| 330 |
|
|
|a В практическом руководстве описаны конструкционные особенности различных устройств, применяемых при проведении экспресс-анализов в полевых условиях, в том числе при аварийных и других экстремальных ситуациях. Подробно рассмотрены методы работы с индикаторными трубками и комплексами на их основе, методы работы с другими газоанализаторами, приведены методики определения наиболее важных газов. Обсуждаются тест-методы и их приборное оснащение при проведении анализов различных объектов окружающей среды, а также хроматографические, спектральные и другие инструментальные методы. Приведены методы оценки показателей качества воды в полевых условиях. Для специалистов СЭС, лабораторий МЧС, судмедэкспертизы и военных ведомств.
|
| 606 |
1 |
|
|a Химическая экология
|2 stltpush
|3 (RuTPU)RU\TPU\subj\39145
|9 59337
|
| 606 |
1 |
|
|a Химический анализ
|x Экспресс-методы
|2 stltpush
|3 (RuTPU)RU\TPU\subj\70407
|9 84674
|
| 610 |
1 |
|
|a экологические пробы
|
| 610 |
1 |
|
|a индикаторные трубки
|
| 610 |
1 |
|
|a газоопределители
|
| 610 |
1 |
|
|a тест-методы
|
| 610 |
1 |
|
|a инструментальные методы
|
| 610 |
1 |
|
|a экологический анализ
|
| 610 |
1 |
|
|a полевые методы
|
| 610 |
1 |
|
|a вода
|
| 610 |
1 |
|
|a качество
|
| 610 |
1 |
|
|a определение
|
| 610 |
1 |
|
|a практические руководства
|
| 675 |
|
|
|a 504.05(076.5)
|v 3
|
| 675 |
|
|
|a 543.068(076.5)
|v 3
|
| 700 |
|
1 |
|a Другов
|b Ю. С.
|g Юрий Степанович
|
| 701 |
|
1 |
|a Муравьев
|b А. Г.
|g Александр Григорьевич
|
| 701 |
|
1 |
|a Родин
|b А. А.
|g Александр Александрович
|
| 801 |
|
1 |
|a RU
|b 63413507
|c 20101224
|
| 801 |
|
2 |
|a RU
|b 63413507
|c 20141027
|g RCR
|
| 900 |
|
|
|a Экологический мониторинг
|
| 942 |
|
|
|c BK
|
| 959 |
|
|
|a 94/20101223
|d 1
|e 400,00
|f ЧЗТЛ:1
|